Quick Pick: Volcanoes by Country Quiz Stats

 Plays Quiz Updated Oct 29, 2018

Score 0/10 Timer 00:45
0 Plays Today
% Correct
Japan
94.5%
United States
93.6%
Cameroon
93.1%
Iceland
92.8%
Russia
89.6%
Italy
89.4%
Indonesia
78.8%
Mexico
75.1%
Ethiopia
74.8%
Chile
64.9%

Today's Daily Dose

Missing Word
1973 Rock Albums

Word Ladder
Chores

You're not logged in!

Compare scores with friends on all Sporcle quizzes.
OR
Log In

Show Comments

Extras

Top Quizzes Today


Score Distribution

Your Account Isn't Verified!

In order to create a playlist on Sporcle, you need to verify the email address you used during registration. Go to your Sporcle Settings to finish the process.

Report this User

Report this user for behavior that violates our Community Guidelines.

Details: